| 000 | 00580nam a2200205Ia 4500 | ||
|---|---|---|---|
| 005 | 20260316130240.0 | ||
| 008 | 131103s9999 xx 000 0 und d | ||
| 040 | _aLoreto College | ||
| 041 | _aEnglish | ||
| 082 |
_a822.33(ID) _bLEA-DAN |
||
| 100 | _aDanby,John F. | ||
| 245 |
_aShakespeare's doctrine of nature _b a study of the king Lear _cJohn F.Danby |
||
| 260 |
_aLondon _bFaber _c1962 |
||
| 300 | _a23 p. | ||
| 504 | _aIncludes notes and index | ||
| 650 | _aEnglish Drama | ||
| 651 | _aShakespeare, William - King Lear - Criticism | ||
| 850 | _aLCBED | ||
| 942 | _cBK | ||
| 999 |
_c4421 _d54900 |
||